Taller de expresión oral y escrita : Linguistica y comunicación / Rojas Tapia Antonio [et al.] (Registro nro. 14248)
[ vista simple ]
| 000 -LÍDER | |
|---|---|
| fixed length control field | 00626nam a2200181 4500 |
| 008 - ELEMENTOS DE LONGITUD FIJA -- INFORMACIÓN GENERAL | |
| fixed length control field | 0 1998 0a 000 0MEX |
| 020 ## - NÚMERO INTERNACIONAL NORMALIZADO PARA LIBROS | |
| ISBN | 968-480-424-5 |
| 050 ## - SIGNATURA TOPOGRAFICA DE LA BIBLIOTECA DEL CONGRESO (LC) | |
| Número de Clasificación | P95 R65 1998 |
| 082 ## - NUMERO DE CLASIFICACION DECIMAL DEWEY | |
| Número de Clasificación | 372.6 R742t |
| 100 ## - ASIENTO PRINCIPAL--NOMBRE PERSONAL | |
| Nombre personal | Rojas Tapia Antonio. |
| 245 ## - TÍTULO | |
| Título | Taller de expresión oral y escrita : Linguistica y comunicación / Rojas Tapia Antonio [et al.] |
| 250 ## - MENCIÓN DE EDICIÓN | |
| Mención de edición | 3a. ed. |
| 260 ## - PUBLICACIÓN, DISTRIBUCIÓN, ETC. (PIE DE IMPRENTA) | |
| Lugar de publicación, distribución, etc. | México : Editorial banca y comercio. |
| 300 ## - DESCRIPCIÓN FÍSICA | |
| Extensión | 130 p. il. / 28 cm. |
| 500 ## - NOTA GENERAL | |
| Nota general | Incluye, índice. |
| 650 ## - ASIENTO SECUNDARIO DE MATERIA - TERMINO TEMÁTICO | |
| Término temático o nombre geográfico como elemento de entrada | 1.- ESPAÑOL-COMPOSICIÒN Y EJERCICIOS. 2.- ESPAÑOL - GRAMATICA. |
| 700 ## - ASIENTO SECUNDARIO - NOMBRE PERSONAL | |
| Nombre personal | Amaro Barriga Manuel Javier. |
| No. biblioteca | No. biblioteca | Número de clasificación | Código de barras/Número de adquisición | Número de copia | Tipo de material |
|---|---|---|---|---|---|
| LUIS G. INCLAN | LUIS G. INCLAN | 372.6 R742t | 32431 | 3 | Libros |
| LUIS G. INCLAN | LUIS G. INCLAN | 372.6 R742t | 32429 | 1 | Libros |
| LUIS G. INCLAN | LUIS G. INCLAN | 372.6 R742t | 32430 | 2 | Libros |
